German Jewry (Record no. 28067)
[ view plain ]
| 000 -LEADER | |
|---|---|
| fixed length control field | 01151nam a2200301 a 4500 |
| 245 00 - TITLE STATEMENT | |
| Title | German Jewry |
| 260 ## - PUBLICATION, DISTRIBUTION, ETC. (IMPRINT) | |
| Place of publication | Boston : |
| Name of publisher | Academic Studies Press, |
| Year of publication | 2013. |
| 300 ## - PHYSICAL DESCRIPTION | |
| Number of Pages | v, 358 p. |
| 650 #0 - SUBJECT ADDED ENTRY--TOPICAL TERM | |
| Topical Term | Jews |
| 700 1# - ADDED ENTRY--PERSONAL NAME | |
| Personal name | Roemer, Nils. |
| 856 40 - ELECTRONIC LOCATION AND ACCESS | |
| Uniform Resource Identifier | http://site.ebrary.com/lib/rucke/Doc?id=10718969 |
No items available.
